Human Resource Management: Text & Cases

Saved in:
Bibliografiske detaljer
Hovedforfatter: K. Aswathappa
Format: Bog
Udgivet: MGH
Tags: Tilføj Tag
Ingen Tags, Vær først til at tagge denne postø!

MARC

LEADER 00000nam a2200000Ia 4500
005 20260513122051.0
020 |a 9789355323675 
100 |a K. Aswathappa 
365 |c Rs. 
365 |b 25.00 
942 |c BK 
245 |a Human Resource Management: Text & Cases 
260 |b MGH 
999 |c 49  |d 49 
952 |0 0  |1 0  |4 0  |7 0  |a UNSW  |b UNSW  |d 2026-05-06  |g 890.00  |i 16687  |l 0  |p 000099  |r 2026-05-13 12:20:51  |v 890.00  |w 2026-05-13  |y BK 
952 |0 0  |1 0  |4 0  |7 0  |a UNSW  |b UNSW  |d 2026-05-06  |g 890.00  |i 16682  |l 0  |p 000141  |r 2026-05-13 12:20:51  |v 890.00  |w 2026-05-13  |y BK